Moonfire: (Registro nro. 6626)
[ vista simple ]
| 000 -LEADER | |
|---|---|
| fixed length control field | 01670nam a22003137a 4500 |
| 003 - CONTROL NUMBER IDENTIFIER | |
| control field | OSt |
| 005 - DATE AND TIME OF LATEST TRANSACTION | |
| control field | 20200303103813.0 |
| 008 - FIXED-LENGTH DATA ELEMENTS--GENERAL INFORMATION | |
| fixed length control field | 200303b2010 sp ao||gr|||| 00| 0dspa d |
| 020 ## - INTERNATIONAL STANDARD BOOK NUMBER | |
| International Standard Book Number | 9783836520799 |
| 040 ## - CATALOGING SOURCE | |
| Original cataloging agency | CO-JMCR |
| Transcribing agency | CO-JMCR |
| 041 1# - LANGUAGE CODE | |
| Language code of text/sound track or separate title | spa |
| Language code of original | eng |
| 082 04 - DEWEY DECIMAL CLASSIFICATION NUMBER | |
| Classification number | 629.454 / |
| Item number | M219m |
| 100 1# - MAIN ENTRY--PERSONAL NAME | |
| Personal name | Mailer, Norman, |
| Relator term | autor |
| 9 (RLIN) | 1086 |
| 245 ## - TITLE STATEMENT | |
| Title | Moonfire: |
| Remainder of title | el viaje épico del apollo 11 / |
| Statement of responsibility, etc. | Norman Mailer; introduction by Colum McCann ; conceived by Lawrence Schiller ; directed and produced by Benedikt Taschen ; traducción del inglés Antonio M. Regueiro y Jordi Fibla Feito. |
| 260 ## - PUBLICATION, DISTRIBUTION, ETC. | |
| Place of publication, distribution, etc. | Köln : |
| Name of publisher, distributor, etc. | Taschen, |
| Date of publication, distribution, etc. | 2010 |
| 300 ## - PHYSICAL DESCRIPTION | |
| Extent | 345 páginas, algunas plegadas : |
| Other physical details | ilustraciones, fotografías a blanco y negro ; |
| Dimensions | 33 cm. |
| 501 ## - WITH NOTE | |
| With note | Notas a pie de páginas. |
| 505 ## - FORMATTED CONTENTS NOTE | |
| Formatted contents note | Pérdidas del ego -- La psicología de losa astronautas -- El hierro de los astronautas -- Algunos orígenes del fuego -- Un sueño del rostro del futuro -- Una trayectoria a la Luna -- El descenso -- La cara visible y la cara oculta de la luna -- La gran semana -- Un día en el espacio y luego otro día -- La edad de Aquarius -- <<El mundo es infinitamente mas grande>> -- Un entierro junto al mar -- |
| 546 ## - LANGUAGE NOTE | |
| Language note | Traducido del inglés. |
| 650 24 - SUBJECT ADDED ENTRY--TOPICAL TERM | |
| Topical term or geographic name entry element | Apolo 11 |
| General subdivision | Obras pictóricas-(Nave espacial) |
| 9 (RLIN) | 1087 |
| 650 24 - SUBJECT ADDED ENTRY--TOPICAL TERM | |
| Topical term or geographic name entry element | Vuelo espacial a la luna |
| General subdivision | Obras pictóricas |
| 9 (RLIN) | 1088 |
| 650 24 - SUBJECT ADDED ENTRY--TOPICAL TERM | |
| Topical term or geographic name entry element | Luna |
| General subdivision | Exploración. |
| 9 (RLIN) | 1089 |
| 700 1# - ADDED ENTRY--PERSONAL NAME | |
| Personal name | McCann, Colum, |
| Relator term | autor |
| 9 (RLIN) | 1090 |
| 700 1# - ADDED ENTRY--PERSONAL NAME | |
| Personal name | Schiller, Lawrence, |
| Relator term | autor |
| 9 (RLIN) | 1091 |
| 700 1# - ADDED ENTRY--PERSONAL NAME | |
| Personal name | Taschen, Benedikt |
| Relator term | autor |
| 9 (RLIN) | 1092 |
| 700 1# - ADDED ENTRY--PERSONAL NAME | |
| Personal name | Regueiro, Antonio M., |
| Relator term | traductor |
| 9 (RLIN) | 1093 |
| 700 1# - ADDED ENTRY--PERSONAL NAME | |
| Personal name | Fibla Feito, Jordi, |
| Relator term | traductor |
| 9 (RLIN) | 1094 |
| 942 ## - ADDED ENTRY ELEMENTS (KOHA) | |
| Source of classification or shelving scheme | Dewey Decimal Classification |
| Koha item type | Books |
| Withdrawn status | Lost status | Source of classification or shelving scheme | Damaged status | Not for loan | Home library | Current library | Shelving location | Date acquired | Coded location qualifier | Cost, normal purchase price | Total Checkouts | Full call number | Barcode | Date last seen | Date last checked out | Copy number | Price effective from | Koha item type |
|---|---|---|---|---|---|---|---|---|---|---|---|---|---|---|---|---|---|---|
| Dewey Decimal Classification | Biblioteca Pública José María del Castillo y Rada | Biblioteca Pública José María del Castillo y Rada | Processing Center | 12/19/2019 | Ej.1 | 0.00 | 5 | 629.454 / M219m | 201808499 | 08/06/2025 | 08/05/2025 | Ej.1 | 03/03/2020 | Books |